| 000 | 00566nam a2200193Ia 4500 | ||
|---|---|---|---|
| 003 | GCL | ||
| 008 | 140319s9999 xx 000 0 ara d | ||
| 040 |
_aGCL / _cGCL |
||
| 082 | 0 | 4 |
_a843.03 _bك ا |
| 100 | 1 | _aكونديرا , ميلان | |
| 245 | 1 | 0 |
_aالحياة هى فى مكان اخر : رواية / _cكونديرا , ميلان |
| 700 | 1 | _aرنا ادريس | |
| 260 |
_a[S.N] : _bدار الاداب ، _c1988 |
||
| 300 | _a256 ص | ||
| 490 | _a | ||
| 650 | 0 | 4 | _aالادب الفرنسى |
| 650 | 0 | 4 | _aالقصص الفرنسية |
| 942 |
_2ddc _cBK |
||
| 999 |
_c55992 _d55992 |
||